Statistics for Kpop Artists Under Big Hit Entertainment

Click here to take the quiz!

General Stats

  • This quiz has been taken 1,216 times
  • The average score is 1 of 7

Answer Stats

HintArtist% Correct
Boy GroupBTS
100%
Girl GroupGLAM
27%
Boy GroupHomme
12%
Male SoloJo Kwon
4%
Female SoloLim Jeong Hee
3%
Male SoloJeong Jin Woon
2%
Male SoloDavid Oh
1%

Score Distribution

Percentile by Number Answered

Percent of People with Each Score

Your Score History

You have not taken this quiz